000 00310nam a22001337a 4500
082 _a823
_bPRA/C
100 _aPADMA SHRI PRAN
245 _aPRAN'S CHACHA CHAUDHARY
260 _aDELHI
_bDIAMOND TOONS
300 _a93
520 _aENGLISH SHORT STORIES
650 _aENGLISH SHORT STORIES
_zDELHI
942 _cBK
999 _c5125
_d5125